000 00312nam a22001337a 4500
020 _a8125004297
041 _aENG
100 _anarayanaswami.V.R
245 _aStrengthen Your Writing
260 _aNew Delhi
_bOrient longman
_c1997
300 _a170
650 _aCompetitive Exam
856 _uCompetitive Exam
999 _c3212
_d3212